000 00559nam a2200193 a 4500
001 20199
003 CO-ViMGA
008 141112s2004 ck r 000 u spa d
020 _a8428108722
040 _aCO-ViMGA
_bspa
_cCO-ViMGA
082 0 4 _a687.1 B173
100 1 _aBarrera Tomas, Francisco Ángel
_929199
245 1 0 _aIntroducción a la confección industrial
260 _aBarcelona :
_bOikos - Tau,
_c1996
300 _a124 p.
590 _aForma de adquisición : Premio Mincultura
650 1 4 _aINDUSTRIA DE LA CONFECCION
_929200
942 _2ddc
_cBK
999 _c29246
_d29246